000 00670nam a2200181Ia 4500
008 090630s9999 xx 000 0 und d
082 _b14071
100 _aरावजी आशु - कानडे दिनू.
245 _aप्लेबॉय.
_cरावजी आशु - कानडे दिनू.
260 _bडॉल्फीन - गोवा.
_c1989
300 _a185
600 _aरावजी आशु - कानडे दिनू.
630 _aप्लेबॉय.
655 _aकादंबरी.
700 _aरावजी आशु - कानडे दिनू.
730 _aप्लेबॉय.
942 _cBOOK
999 _c265927
_d265927